[Event "Challenge"]
[Site "http://www.queenalice.com/game.php?id=1569868"]
[Date "2019.5.5"]
[Round "-"]
[White "armandocosta"]
[Black "ROYANDROLL"]
[Result "0-1"]
[WhiteElo "2245"]
[BlackElo "1461"]

1. e4 e5 2. Nf3 d6 3. Bc4 g5 4. d3 g4 5. Bg5 f6 6. Bxf6 Qxf6 7. Nfd2 Ne7 8. O-O
h5 9. f3 Qg5 10. Nc3 gxf3 11. Nxf3 Qg7 12. Nd5 Nxd5 13. Bxd5 Bh3 14. Nh4 c6 15.
Nf5 Qxg2# 0-1

[Event "Challenge"]
[Site "http://www.queenalice.com/game.php?id=1570395"]
[Date "2019.5.9"]
[Round "-"]
[White "armandocosta"]
[Black "ROYANDROLL"]
[Result "1-0"]
[WhiteElo "2225"]
[BlackElo "1524"]

1. e4 e5 2. d4 a5 3. dxe5 Qe7 4. Nc3 Qxe5 5. Nf3 Qe7 6. Bg5 f6 7. Be3 Qe6 8. Nd4
Qe7 9. Nd5 Qxe4 10. Nxc7+ Kd8 11. Nxa8 Bc5 12. Bc4 Bxd4 13. Qxd4 Qxd4 14. Bxd4
Ne7 15. Bb6+ Ke8 16. O-O-O g5 17. Nc7+ Kf8 18. Rd6 Kg7 19. Bd4 Ng8 20. Ne8+ Kf8
21. Re1 Nc6 22. Rxf6+ Nxf6 23. Bc5+ Ne7 24. Bxe7+ Kxe8 25. Bc5+ Kd8 26. Bb6# 1-0

[Event "Challenge"]
[Site "http://www.queenalice.com/game.php?id=1570678"]
[Date "2019.5.12"]
[Round "-"]
[White "armandocosta"]
[Black "renocharlier"]
[Result "1-0"]
[WhiteElo "2208"]
[BlackElo "1406"]

1. e4 e5 2. d4 d5 3. dxe5 dxe4 4. Qxd8+ Kxd8 5. Nc3 Nc6 6. Bg5+ Be7 7. Bxe7+
Ngxe7 8. O-O-O+ Bd7 9. Nxe4 Nxe5 10. Nc5 Rb8 11. Bb5 a6 12. Bxd7 Nc4 13. Nf3 Nf5
14. Bxf5+ Nd6 15. Rhe1 Re8 16. Ne5 b6 17. Nxf7# 1-0

[Event "Challenge"]
[Site "http://www.queenalice.com/game.php?id=1570679"]
[Date "2019.5.12"]
[Round "-"]
[White "renocharlier"]
[Black "armandocosta"]
[Result "0-1"]
[WhiteElo "1386"]
[BlackElo "2211"]

1. Nf3 Nf6 2. Nc3 e6 3. e4 d6 4. e5 Ng4 5. h3 Nxe5 6. d4 Nxf3+ 7. Qxf3 d5 8. Bf4
Bb4 9. a3 Bxc3+ 10. Qxc3 Nc6 11. Bd3 O-O 12. O-O Qf6 13. Be5 Nxe5 14. dxe5 Qe7
15. Qd4 c5 16. Qg4 Bd7 17. c4 Rad8 18. g3 b5 19. Qh5 g6 20. Bxg6 fxg6 21. Qh6
bxc4 22. f4 Rb8 23. Rab1 d4 24. Qg5 Qxg5 25. Rbc1 Qxg3+ 26. Kh1 Bc6+ 27. Rf3
Bxf3# 0-1

[Event "Challenge"]
[Site "http://www.queenalice.com/game.php?id=1571019"]
[Date "2019.5.14"]
[Round "-"]
[White "armandocosta"]
[Black "ROYANDROLL"]
[Result "0-1"]
[WhiteElo "2226"]
[BlackElo "1471"]

1. e4 e5 2. Nf3 d6 3. Bc4 Bg4 4. Nc3 Nc6 5. Bb5 a6 6. Bxc6+ bxc6 7. d4 g6 8.
dxe5 dxe5 9. Qxd8+ Rxd8 10. Nxe5 Bb4 11. Nxc6 Rd1# 0-1

[Event "Challenge"]
[Site "http://www.queenalice.com/game.php?id=1571362"]
[Date "2019.5.18"]
[Round "-"]
[White "armandocosta"]
[Black "ROYANDROLL"]
[Result "1-0"]
[WhiteElo "2204"]
[BlackElo "1520"]

1. Nf3 h6 2. e4 e6 3. Nc3 a6 4. d4 Bb4 5. Bd3 d6 6. O-O f6 7. Na4 b5 8. e5 Nc6
9. c3 bxa4 10. cxb4 dxe5 11. Bg6+ Kf8 12. Nxe5 fxe5 13. Qf3+ Qf6 14. Qxc6 Qxg6
15. Qxa8 Qe8 16. dxe5 Ne7 17. Qe4 g5 18. Be3 Bd7 19. f4 Nf5 20. fxg5 hxg5 21. g4
Rh4 22. Bxg5 Bc6 23. Qf4 Qf7 24. Bxh4 Nxh4 25. Qxf7# 1-0

[Event "Challenge"]
[Site "http://www.queenalice.com/game.php?id=1571363"]
[Date "2019.5.18"]
[Round "-"]
[White "ROYANDROLL"]
[Black "armandocosta"]
[Result "0-1"]
[WhiteElo "1522"]
[BlackElo "2203"]

1. e4 e5 2. h3 Nf6 3. d3 Nc6 4. Bg5 h6 5. Bxf6 Qxf6 6. c3 Bc5 7. Qe2 O-O 8. b4
Nxb4 9. cxb4 Bd4 10. Qf3 Qb6 11. a3 Bxa1 12. Qe3 Bd4 13. Qg3 a5 14. Nd2 axb4 15.
Nc4 Qc5 16. Nf3 bxa3 17. Nxd4 exd4 18. Nd2 a2 19. Nb3 a1=Q+ 20. Nxa1 Ra2 21. Nb3
Qc3+ 22. Nd2 Qxd2# 0-1

[Event "Challenge"]
[Site "http://www.queenalice.com/game.php?id=1572217"]
[Date "2019.5.25"]
[Round "-"]
[White "armandocosta"]
[Black "ROYANDROLL"]
[Result "1-0"]
[WhiteElo "2206"]
[BlackElo "1523"]

1. e4 e5 2. Nf3 d6 3. Nc3 Bg4 4. d4 f6 5. Be3 exd4 6. Qxd4 c6 7. Be2 Bxf3 8.
Bxf3 c5 9. Qd5 Qb6 10. Qe6+ Ne7 11. Bh5+ Kd8 12. O-O-O Nc8 13. Qe8+ Kc7 14. Nd5#
1-0

[Event "Challenge"]
[Site "http://www.queenalice.com/game.php?id=1572218"]
[Date "2019.5.25"]
[Round "-"]
[White "ROYANDROLL"]
[Black "armandocosta"]
[Result "0-1"]
[WhiteElo "1503"]
[BlackElo "2207"]

1. h3 Nf6 2. g4 e5 3. g5 Ne4 4. d3 Nxg5 5. f4 exf4 6. Bxf4 d5 7. Bxg5 Qxg5 8. d4
Qh4+ 9. Kd2 Qxd4+ 10. Kc1 Qf4+ 11. Nd2 Nc6 12. Nf3 Be7 13. Bg2 Bf5 14. Rf1 Qg3
15. Rg1 O-O-O 16. e3 Bf6 17. Qf1 Rhe8 18. Nd4 Bxd4 19. Qxf5+ Kb8 20. Bxd5 Qxg1+
21. Qf1 Qxe3 22. c3 Bxc3 23. Bxc6 Qxd2+ 24. Kb1 Qxb2# 0-1

[Event "Challenge"]
[Site "http://www.queenalice.com/game.php?id=1572584"]
[Date "2019.5.28"]
[Round "-"]
[White "armandocosta"]
[Black "patoche"]
[Result "0-1"]
[WhiteElo "2216"]
[BlackElo "2588"]

1. e4 Nc6 2. Nf3 d6 3. Nc3 Bg4 4. d4 Nf6 5. d5 Nb8 6. Be2 g6 7. Ng5 Bxe2 8. Qxe2
Bg7 9. O-O O-O 10. f4 c6 11. Be3 Nbd7 12. Rfd1 cxd5 13. exd5 Re8 14. a3 Qc8 15.
Bd4 Nb6 16. g3 Qg4 17. Qg2 Rac8 18. Rd3 Qd7 19. b3 Qc7 20. Re1 Nbd7 21. Nf3 Ng4
22. b4 Nb6 23. h3 Bxd4+ 24. Nxd4 Nf6 25. Ndb5 Qd7 26. Qf2 a6 27. Qxb6 axb5 28.
Qxb5 Qxh3 29. Qxb7 Rc4 30. Re2 Qg4 31. Kf1 Qh5 32. Ke1 Kg7 33. Qa6 Qh1+ 34. Kd2
Rec8 35. Qa5 Qf1 36. Ree3 h5 37. b5 h4 38. Re1 Qf2+ 39. Re2 Ne4+ 40. Kc1 Qg1+
41. Rd1 Qc5 42. Rxe4 Rxc3 43. Qb4 Rxc2+ 44. Kb1 Rc1+ 45. Ka2 Rxd1 46. Qxc5 Rxc5
47. gxh4 Rxb5 48. Rxe7 Rd2+ 49. Ka1 Rf2 50. Re1 Rxd5 51. Rh1 Rdd2 52. Rg1 Rxf4
53. h5 Rff2 54. a4 d5 55. hxg6 d4 56. gxf7+ Kxf7 0-1

[Event "Challenge"]
[Site "http://www.queenalice.com/game.php?id=1572673"]
[Date "2019.5.29"]
[Round "-"]
[White "armandocosta"]
[Black "ROYANDROLL"]
[Result "1-0"]
[WhiteElo "2209"]
[BlackElo "1477"]

1. g4 c5 2. Bg2 d5 3. Nc3 d4 4. Ne4 Bxg4 5. Nxc5 b6 6. Bxa8 bxc5 7. c4 Na6 8.
Bc6+ Bd7 9. Bxd7+ Qxd7 10. d3 e5 11. Nf3 f6 12. h4 h5 13. Qb3 Nb4 14. a3 Na6 15.
Bd2 Qc6 16. Qc2 Ne7 17. b4 Nc7 18. b5 Qb6 19. a4 a6 20. a5 Qa7 21. b6 Qb7 22.
bxc7 Qxc7 23. Rb1 g6 24. Rb6 Qc8 25. Rxf6 Qd8 26. Nxe5 Rh7 27. Qa4+ Nc6 28.
Qxc6+ Rd7 29. Qe6+ Re7 30. Qg8 Rxe5 31. Qf7# 1-0

[Event "Challenge"]
[Site "http://www.queenalice.com/game.php?id=1575490"]
[Date "2019.6.25"]
[Round "-"]
[White "armandocosta"]
[Black "lelugri"]
[Result "1-0"]
[WhiteElo "2210"]
[BlackElo "1234"]

1. e4 e5 2. d4 exd4 3. c3 dxc3 4. Bc4 Nf6 5. Qb3 Qe7 6. Nxc3 d5 7. Nxd5 Qxe4+ 8.
Kf1 Nxd5 9. Bxd5 Qb4 10. Bxf7+ Kd8 11. Bg5+ Be7 12. Qxb4 1-0

[Event "Challenge"]
[Site "http://www.queenalice.com/game.php?id=1575491"]
[Date "2019.6.25"]
[Round "-"]
[White "lelugri"]
[Black "armandocosta"]
[Result "0-1"]
[WhiteElo "1257"]
[BlackElo "2213"]

1. d4 Nf6 2. Nc3 e6 3. e4 Bb4 4. e5 Ne4 5. Qd3 Nxc3 6. bxc3 Ba5 7. Ba3 Nc6 8.
Nf3 d6 9. exd6 cxd6 10. Be2 O-O 11. O-O Re8 12. Rfd1 e5 13. dxe5 dxe5 14. Qxd8
Rxd8 15. Rxd8+ Bxd8 16. Bd6 Ba5 17. Rd1 Bg4 18. h3 Bxf3 19. Bxf3 Rd8 20. Bc5
Rxd1+ 21. Bxd1 Bxc3 22. Bf3 Bd4 23. Bxc6 bxc6 24. Bxd4 exd4 25. Kf1 Kf8 26. Ke2
Ke7 27. Kd3 c5 28. Kc4 Kd6 29. c3 Ke5 30. cxd4+ cxd4 31. Kd3 h5 32. g3 g5 33. f3
h4 34. gxh4 gxh4 35. a3 f5 36. a4 Kf4 0-1

[Event "Challenge"]
[Site "http://www.queenalice.com/game.php?id=1575959"]
[Date "2019.7.1"]
[Round "-"]
[White "WLAO"]
[Black "armandocosta"]
[Result "0-1"]
[WhiteElo "1627"]
[BlackElo "2214"]

1. b3 c5 2. Ba3 b6 3. g3 Nc6 4. Bg2 Bb7 5. e3 Nf6 6. d3 e5 7. Nd2 d5 8. Ngf3 Bd6
9. O-O Qd7 10. Ng5 h6 11. Ngf3 O-O 12. Nh4 g5 13. Nhf3 e4 14. dxe4 dxe4 15. Nxe4
Nxe4 16. c4 Rad8 17. Qc2 Rfe8 18. Rad1 Qf5 19. Rd5 Ne5 20. Bb2 Nxf3+ 21. Bxf3
Qxf3 22. Rdd1 Qh1+ 23. Kxh1 Nxf2+ 24. Kg1 Nh3# 0-1

[Event "Challenge"]
[Site "http://www.queenalice.com/game.php?id=1576475"]
[Date "2019.7.5"]
[Round "-"]
[White "jpribeiro"]
[Black "armandocosta"]
[Result "0-1"]
[WhiteElo "2151"]
[BlackElo "2226"]

1. e4 e6 2. d4 d5 3. Nc3 Bb4 4. e5 c5 5. a3 Bxc3+ 6. bxc3 Nc6 7. Qg4 Nge7 8.
Qxg7 Rg8 9. Qxh7 cxd4 10. cxd4 Nxd4 11. Qd3 Nef5 12. Ne2 Nxe2 13. Qxe2 Bd7 14.
f4 d4 15. Bd2 Bc6 16. O-O-O Rc8 17. Rg1 Ba4 18. Kb1 Rxc2 0-1

[Event "Challenge"]
[Site "http://www.queenalice.com/game.php?id=1576476"]
[Date "2019.7.5"]
[Round "-"]
[White "armandocosta"]
[Black "jpribeiro"]
[Result "1-0"]
[WhiteElo "2216"]
[BlackElo "2163"]

1. e4 c6 2. d4 d5 3. e5 Bf5 4. Nf3 e6 5. Bg5 Be7 6. Bxe7 Qxe7 7. Bd3 Bxd3 8.
Qxd3 Qb4+ 9. Nc3 Qa5 10. O-O Ne7 11. a4 Qa6 12. Qd2 h6 13. b4 Qb6 14. a5 Qc7 15.
Ne2 O-O 16. Ra3 Nd7 17. Nf4 b5 18. Qd3 1-0

[Event "Challenge"]
[Site "http://www.queenalice.com/game.php?id=1576941"]
[Date "2019.7.10"]
[Round "-"]
[White "WLAO"]
[Black "armandocosta"]
[Result "0-1"]
[WhiteElo "1664"]
[BlackElo "2215"]

1. e4 e6 2. d4 d5 3. e5 c5 4. Bb5+ Bd7 5. Bxd7+ Nxd7 6. Nf3 cxd4 7. Qxd4 Ne7 8.
Bg5 Nc6 9. Qh4 Qb6 10. O-O Qxb2 11. Nbd2 Qxc2 12. Rfc1 Qb2 13. Rcb1 Qc3 14. Rc1
Qa3 15. Qf4 h6 16. Bh4 g5 17. Bxg5 hxg5 18. Qxg5 Bh6 19. Qh5 Qf8 20. Qg4 Ndxe5
21. Qa4 Nxf3+ 22. Nxf3 Bxc1 23. Rxc1 Rd8 24. Qb5 Qa3 25. Rb1 Rd7 26. h3 Qxa2 27.
Rb2 Qc4 28. Qxc4 dxc4 29. Rc2 Rd1+ 30. Kh2 b5 31. Ra2 b4 32. Ra6 b3 33. Rxc6 b2
34. Rc8+ Rd8 35. Rxc4 b1=Q 36. Rc7 Qb8 37. g3 Qxc7 38. Ng5 Qc2 39. Kg2 Rd2 40.
Kf3 Rxf2+ 41. Kg4 f5# 0-1

[Event "Challenge"]
[Site "http://www.queenalice.com/game.php?id=1577563"]
[Date "2019.7.16"]
[Round "-"]
[White "armandocosta"]
[Black "CERVERO"]
[Result "1-0"]
[WhiteElo "2236"]
[BlackElo "1100"]

1. e4 c5 2. Nf3 d6 3. Bb5+ Bd7 4. Bxd7+ Nxd7 5. Nc3 Ngf6 6. d4 cxd4 7. Nxd4 g6
8. Bg5 Bg7 9. Qd2 Nc5 10. Bh6 Nfxe4 11. Nxe4 Nxe4 12. Qb4 Bxh6 13. Qxb7 Nc5 14.
Qc6+ Nd7 15. Qc3 Bg7 16. O-O-O Rc8 17. Qb4 Qc7 18. c3 Rb8 19. Qa4 Bh6+ 20. Kc2
Qb7 21. b3 Qe4+ 22. Kb2 Qxg2 23. Rhe1 Qxf2+ 24. Re2 Qf6 25. Nc6 O-O 26. Nxe7+
Kh8 27. Qxd7 Bg7 28. Rc2 Rfd8 29. Qxa7 Bf8 30. Nc6 Ra8 31. Rf2 Qh4 32. Qxf7 Bg7
33. Nxd8 Rxd8 34. Re2 Be5 35. Rf1 Qg4 36. Rxe5 1-0

[Event "Challenge"]
[Site "http://www.queenalice.com/game.php?id=1577564"]
[Date "2019.7.16"]
[Round "-"]
[White "CERVERO"]
[Black "armandocosta"]
[Result "1/2-1/2"]
[WhiteElo "1100"]
[BlackElo "2237"]

1. e4 e6 2. d4 d5 3. e5 c5 4. Nf3 Nc6 5. Bb5 Qb6 6. Nc3 cxd4 7. Qxd4 Ne7 8. Qxb6
axb6 9. O-O Nf5 10. g4 Nd4 11. Nxd4 Bc5 12. Nxc6 Bd7 13. b4 bxc6 14. bxc5 cxb5
15. cxb6 b4 16. Ne2 Bb5 17. Re1 Bxe2 18. Rxe2 Ra6 19. Be3 Kd7 20. Bd4 h5 21. f3
Kc6 22. Ree1 Kb7 23. Kg2 Ra3 24. Re3 Ra4 25. Rb3 Rc8 26. Rb2 Rc4 27. Bf2 hxg4
28. fxg4 Rxg4+ 29. Kf1 Ra3 30. Rab1 Ra4 31. Rd1 Re4 32. Re1 Rf4 33. Kg1 Rg4+ 34.
Kf1 Rf4 35. Kg2 Rg4+ 36. Kf1 1/2-1/2

[Event "Challenge"]
[Site "http://www.queenalice.com/game.php?id=1580647"]
[Date "2019.8.17"]
[Round "-"]
[White "armandocosta"]
[Black "mdfran72"]
[Result "1-0"]
[WhiteElo "2239"]
[BlackElo "1563"]

1. e4 g6 2. d4 Bg7 3. e5 f5 4. Bg5 h6 5. Bf4 e6 6. h4 h5 7. Nf3 d5 8. Nc3 Ne7 9.
Qd2 Nd7 10. O-O-O c6 11. Bg5 O-O 12. Ne2 c5 13. Nf4 Nb6 14. dxc5 Nc4 15. Bxc4
dxc4 16. Qxd8 Rxd8 17. Rxd8+ Kf7 18. Bxe7 Kxe7 19. Rhd1 Bh6 20. Ng5 Bxg5 21.
hxg5 Kf7 22. Rh8 b5 23. Rdd8 Bb7 24. Rh7# 1-0

[Event "Challenge"]
[Site "http://www.queenalice.com/game.php?id=1580648"]
[Date "2019.8.17"]
[Round "-"]
[White "mdfran72"]
[Black "armandocosta"]
[Result "0-1"]
[WhiteElo "1565"]
[BlackElo "2238"]

1. e4 c5 2. c4 Nc6 3. Nf3 g6 4. d4 Bg7 5. d5 Nd4 6. Be3 Nxf3+ 7. Qxf3 Bxb2 8. e5
Bxe5 9. Bxc5 Qa5+ 10. Nd2 Bxa1 11. Be3 d6 12. Ke2 Nf6 13. Bh6 Bg4 14. Nb3 Bxf3+
15. gxf3 Qxa2+ 16. Nd2 Bc3 17. Kd3 Bxd2 18. Kd4 Bxh6 19. Bd3 Qb2# 0-1